000 01088cam a22002651 4500
001 d 01000211
003 DLC
005 20260227111148.0
008 860129s1642 ne 000 0 dut
010 _ad 01000211
035 _a(OCoLC)23642798
040 _aDLC
_cMiU
_dDLC
042 _apremarc
050 0 0 _aDH186
_b.H77
100 1 _aHooft, P. C.
_q(Pieter Corneliszoon),
_d1581-1647.
245 0 0 _aP. C. Hoofts Neederlandsche histoorien,
_bsedert de ooverdraght der heerschappye van kaizar Karel den Vyfden,
_cop kooning Philips zynen zoon.
260 _aTot Amsterdam,
_bBy Louys Elzevier,
_c1642.
300 _a21 p. l., 899 (i.e. 910) p. ;
_c33 cm.
500 _aEngr. t.-p.
500 _aFirst edition.
500 _aPaging irregular.
500 _a"Facsimile van eenen eigenhandigne brief van den drossaard Pieter Corneliszoon Hooft aan den Amsterdamschen hoogleeraar Caspar van Baerle van den 13 September 1646" mounted on fly-leaf.
651 0 _aNetherlands
_xHistory
_yEighty Years' War, 1568-1648
710 2 _aPre-1801 Imprint Collection (Library of Congress)
_5DLC
999 _c18606
_d18606